Annual review of astronomy and astrophysics (Record no. 2664)
[ view plain ]
| 000 -LEADER | |
|---|---|
| fixed length control field | 00634nam a2200205Ia 4500 |
| 003 - CONTROL NUMBER IDENTIFIER | |
| control field | IN-BaIIA |
| 008 - FIXED-LENGTH DATA ELEMENTS--GENERAL INFORMATION | |
| fixed length control field | 211028s9999 xx 000 0 eng d |
| 040 ## - CATALOGING SOURCE | |
| Transcribing agency | IIA Library |
| 080 ## - UNIVERSAL DECIMAL CLASSIFICATION NUMBER | |
| Universal Decimal Classification number | (05)52 |
| Item number | ANN-3 |
| 245 #0 - TITLE STATEMENT | |
| Title | Annual review of astronomy and astrophysics |
| Remainder of title | vol. 3 |
| Statement of responsibility, etc. | edited by Leo Goldberg |
| 260 ## - PUBLICATION, DISTRIBUTION, ETC. | |
| Place of publication, distribution, etc. | Palo Alto |
| Name of publisher, distributor, etc. | Annual Reviews |
| Date of publication, distribution, etc. | 1965 |
| 300 ## - PHYSICAL DESCRIPTION | |
| Extent | vii, 438p. |
| 650 ## - SUBJECT ADDED ENTRY--TOPICAL TERM | |
| Topical term or geographic name entry element | Astronomy and astrophysics thesaurus |
| 650 ## - SUBJECT ADDED ENTRY--TOPICAL TERM | |
| Topical term or geographic name entry element | Astronomy Periodicals |
| 9 (RLIN) | 4087 |
| 650 ## - SUBJECT ADDED ENTRY--TOPICAL TERM | |
| Topical term or geographic name entry element | Astrophysics - Periodicals |
| 9 (RLIN) | 4088 |
| 700 ## - ADDED ENTRY--PERSONAL NAME | |
| Personal name | Deutsch, A.J. ed. |
| 9 (RLIN) | 4747 |
| 700 ## - ADDED ENTRY--PERSONAL NAME | |
| Personal name | Goldberg, Leo ed. |
| 9 (RLIN) | 4090 |
| 700 ## - ADDED ENTRY--PERSONAL NAME | |
| Personal name | Layzer, D. ed. |
| 9 (RLIN) | 4748 |
| 942 ## - ADDED ENTRY ELEMENTS (KOHA) | |
| Koha item type | Books |
| Withdrawn status | Lost status | Damaged status | Not for loan | Home library | Current library | Shelving location | Date acquired | Total Checkouts | Full call number | Barcode | Date last seen | Price effective from | Koha item type |
|---|---|---|---|---|---|---|---|---|---|---|---|---|---|
| IIA Library-Bangalore | IIA Library-Bangalore | General Stacks | 09/08/1966 | (05)52/ ANN-3 | 2971 | 05/11/2021 | 09/08/1966 | Books |